Giáo trình thanh toán quốc tế (Dùng trong các trường THCN)

Nội dung của giáo trình cung cấp những thông tin về việc lựa chọn phương tiện thanh toán phù hợp nhất, phương thức thanh toán hợp lý nhất, cũng như ứng dụng nghiệp vụ kinh doanh ngoại tệ trong thanh toán quốc tế nhằm bảo vệ lợi ích của ca...

Fuld beskrivelse

Đã lưu trong:
Bibliografiske detaljer
Hovedforfatter: Bùi, Thị Thùy Nhi
Format: Bog
Sprog:Undetermined
Udgivet: Hà Nội Nhà xuất bản Hà Nội 2006
Fag:
Tags: Tilføj Tag
Ingen Tags, Vær først til at tagge denne postø!
Thư viện lưu trữ: Trung tâm Học liệu Trường Đại học Cần Thơ
LEADER 01121nam a2200229Ia 4500
001 CTU_142664
008 210402s9999 xx 000 0 und d
020 |c 31000 
082 |a 332.15 
082 |b Nh300 
100 |a Bùi, Thị Thùy Nhi 
245 0 |a Giáo trình thanh toán quốc tế 
245 0 |b (Dùng trong các trường THCN) 
245 0 |c Bùi Thị Thùy Nhi 
260 |a Hà Nội 
260 |b Nhà xuất bản Hà Nội 
260 |c 2006 
520 |a Nội dung của giáo trình cung cấp những thông tin về việc lựa chọn phương tiện thanh toán phù hợp nhất, phương thức thanh toán hợp lý nhất, cũng như ứng dụng nghiệp vụ kinh doanh ngoại tệ trong thanh toán quốc tế nhằm bảo vệ lợi ích của các bên mua bán trong thương vụ. 
650 |a Banks and banking,Ngân hàng và hoạt động ngân hàng 
650 |x Accounting,Kế toán 
904 |i Duy Bằng 
980 |a Trung tâm Học liệu Trường Đại học Cần Thơ